| 000 | 05353namaa22004331i 4500 | ||
|---|---|---|---|
| 003 | EG-GICUC | ||
| 005 | 20260421200733.0 | ||
| 008 | 260421s2025 ua a|||frm||| 000 0 eng d | ||
| 040 |
_aEG-GICUC _beng _cEG-GICUC _dEG-GICUC _erda |
||
| 041 | 0 |
_aeng _beng _bara |
|
| 049 | _aDeposit | ||
| 082 | 0 | 4 | _a612 |
| 092 |
_a612 _221 |
||
| 097 | _aM.Sc | ||
| 099 | _aCai01.10.16.M.Sc.2025.Ho.P | ||
| 100 | 0 |
_aHowyda Gamal Gaber Mahmoud, _epreparation. |
|
| 245 | 1 | 0 |
_aPhysiological and immunological effects of moringa oleifera leaf and seed powder as water supplements in african catfish (clarias gariepinus) / _cby Howyda Gamal Gaber Mahmoud ; Supervision Prof. Dr. Sohair Youssef Saleh, Dr. Nehal Abouelkaramat Younis. |
| 246 | 1 | 5 | _aالتأثيرات الفسيولوجية والمناعية لمسحوق أوراق وبذور المورينجا أوليفيرا كمكمل غذائي في أسماك القراميط الإفريقية |
| 264 | 0 | _c2025. | |
| 300 |
_a101 pages : _billustrations ; _c25 cm. + _eCD. |
||
| 336 |
_atext _2rda content |
||
| 337 |
_aUnmediated _2rdamedia |
||
| 338 |
_avolume _2rdacarrier |
||
| 502 | _aThesis (M.Sc)-Cairo University, 2025. | ||
| 504 | _aBibliography: pages 74-82. | ||
| 520 | 3 | _aThis study compared the effects of Moringa oleifera leaf and seed powders (0.8 g/L) as water supplements on Clarias gariepinus over six weeks, evaluating growth performance, immune modulation, gene expression, physiological biomarkers, antioxidant status, and disease resistance. Leaf-supplemented fish exhibited superior growth (120.5 g final weight, 92.33 g gain, 216.02% feed efficiency) and enhanced immune responses, with elevated IgM, IgD, and pro- inflammatory cytokines (TNF-α 2.48-fold, IL-1β 1.62-fold). Both treatments upregulated MHC1A and TLR1 expression; however, leaf powder downregulated NF-κB, while seed powder increased it. Physiologically, leaf powder reduced stress biomarkers and improved liver function, while seed powder caused hyperglycaemia (113.3 mg/dL), elevated cortisol (27.4 μg/dL), and increased ALT (30.2 U/L) and AST (53.0 U/L) levels, corroborated by liver histopathology. Antioxidant assays showed that leaf treatment boosted SOD (11.7 to 15.1 U/mL) and catalase (29.7 to 38.1 U/mg protein) while reducing MDA, whereas seed treatment impaired these defences. Under Aeromonas hydrophila challenge, leaf-treated fish achieved 100% survival, outperforming the seed (85%) and control groups (60%). Overall, Moringa leaf powder proved to be a potent natural immunostimulant and antioxidant enhancer, promoting growth and disease resistance, while seed powder, despite moderate immunostimulation, was linked to adverse metabolic effects and oxidative stress. | |
| 520 | 3 | _aفي الختام، يُعد مسحوق أوراق المورينغا (Moringa Oleifera) مكملاً مائيًا آمنًا وفعّالًا ومستدامًا لتعزيز النمو، والمناعة، والقدرة المضادة للأكسدة في أسماك القراميط الإفريقية (Clarias gariepinus)ويُسهم استخدامه في تحسين الأداء الصحي دون إحداث ضغط كبير على الأعضاء، مما يبرز قيمته كمحفّز مناعي طبيعي في أنظمة الاستزراع السمكي. وعلى النقيض من ذلك، وعلى الرغم من أن مسحوق بذور المورينغا يُظهر خصائص مناعية قوية، إلا أنه قد يؤثر سلبًا على الصحة الأيضية والفسيولوجية، نظرًا لاحتوائه على مكونات مضادة للتغذية. تتوافق هذه النتائج مع ما ورد في أبحاث سابقة، وتؤكد على أهمية اتباع نهج متوازن عند استخدام المكملات الطبيعية في مجال الاستزراع المائي. وينبغي أن تركز الدراسات المستقبلية على تحسين طرق استخدام مسحوق الأوراق، بالإضافة إلى استكشاف تقنيات معالجة أكثر أمانًا لاستخدام البذور. كما أن دراسة الآليات الجزيئية الكامنة وراء الفروق في التأثيرات بين الأوراق والبذور، يمكن أن تدعم تطوير استراتيجيات أكثر فعالية واستدامة بيئية لإدارة الأمراض، مما يسهم في تعزيز نمو قطاع الاستزراع السمكي على المدى الطويل. | |
| 530 | _aIssues also as CD. | ||
| 546 | _aText in English and abstract in Arabic & English. | ||
| 650 | 0 | _aPhysiology | |
| 650 | 0 | _aالفسيولوجيا | |
| 653 | 1 |
_aClarias gariepinus _aMoringa oleifera _aaquaculture _aimmune response _agene expression _aantioxidants _agrowth performance _awater supplementation _aأسماك القراميط الإفريقية _aالمورينغا أوليفيرا |
|
| 700 | 0 |
_aSohair Youssef Saleh _ethesis advisor. |
|
| 700 | 0 |
_aNehal Abouelkaramat Younis _ethesis advisor. |
|
| 900 |
_b01-01-2025 _cSohair Youssef Saleh _cNehal Abouelkaramat Younis _UCairo University _FFaculty of Veterinary Medicine _DDepartment of Physiology |
||
| 905 | _aShimaa | ||
| 942 |
_2ddc _cTH _e21 _n0 |
||
| 999 | _c179654 | ||